[Event "Titled Tue 10th Jun Early"]
[Site "chess.com INT"]
[Date "2025.06.10"]
[Round "6"]
[White "Mata Gonzalez, Jose Fernando"]
[Black "Alothman , Ali Layth Ahmed"]
[Result "0-1"]
[WhiteTitle "CM"]
[BlackTitle "FM"]
[WhiteElo "2164"]
[BlackElo "2179"]
[WhiteFideId "5107423"]
[BlackFideId "4801920"]
[EventDate "2025.06.10"]

1. e4 c6 2. d4 d5 3. Nc3 dxe4 4. Nxe4 Nf6 5. Nxf6+ exf6 6. c3 Bd6 7. Bd3 O-O 8.
Qc2 Re8+ 9. Ne2 h5 10. O-O Nd7 11. Qd1 h4 12. Nf4 Nf8 13. Qh5 Qc7 14. Qf3 f5 15.
Nh5 Bxh2+ 16. Kh1 Be6 17. g3 Bd5 18. Qxd5 cxd5 19. Kxh2 Ne6 20. Bxf5 hxg3+ 21.
Nxg3 g6 22. Bd3 Kg7 23. Kg2 Nf4+ 24. Bxf4 Qxf4 25. Rae1 Rh8 26. Re7 Qd2 27. Be2
Rae8 28. Rd1 Qxb2 29. Re3 Rxe3 30. fxe3 Qxc3 31. Kf3 Re8 32. Rd3 Qc1 33. Rb3 Re6
34. e4 dxe4+ 35. Nxe4 Qh1+ 36. Kf2 Qxe4 37. Bf3 Qe1+ 38. Kg2 Re3 39. Rxb7 Qd2+
40. Kg3 Qd3 41. Kh2 Rxf3 42. Rb2 Qxd4 43. Rg2 Qh4+ 44. Kg1 Qe1+ 45. Kh2 Qe3 46.
a3 Rh3# 0-1

[Event "Titled Tue 10th Jun Early"]
[Site "chess.com INT"]
[Date "2025.06.10"]
[Round "6"]
[White "Ersoz, Teoman Guney"]
[Black "Myagmarsuren, Evsuld"]
[Result "0-1"]
[WhiteTitle "CM"]
[BlackTitle "FM"]
[WhiteElo "2052"]
[BlackElo "2292"]
[WhiteFideId "44537050"]
[BlackFideId "1551639"]
[EventDate "2025.06.10"]

1. e4 d5 2. exd5 Qxd5 3. Nc3 Qd8 4. d4 c6 5. Bf4 Bf5 6. Qd2 e6 7. h3 Nf6 8. g4
Ne4 9. Nxe4 Bxe4 10. f3 Bg6 11. Bc4 Nd7 12. Ne2 Nb6 13. Bb3 Nd5 14. Be5 f6 15.
Bg3 Bb4 16. c3 Bd6 17. O-O-O O-O 18. h4 Bxg3 19. Nxg3 Qc7 20. Ne2 a5 21. h5 Bf7
22. Bc2 a4 23. c4 Nb6 24. Qd3 g6 25. Rh3 a3 26. b3 c5 27. Rdh1 f5 28. d5 exd5
29. gxf5 dxc4 30. Qc3 Nd5 31. Qd2 Qe5 32. hxg6 Qa1+ 33. Bb1 Bxg6 34. Qxd5+ Bf7
35. Qd2 cxb3 36. Rxh7 b2+ 37. Kc2 Bb3+ 38. axb3 a2 39. Rh8+ Kf7 40. Qd7+ Kf6 41.
R1h6+ Ke5 42. Rg6 axb1=Q+ 43. Kc3 Qc1+ 44. Nxc1 bxc1=Q+ 45. Kd3 Qac3+ 46. Ke2
Q1e1# 0-1

[Event "Titled Tue 10th Jun Early"]
[Site "chess.com INT"]
[Date "2025.06.10"]
[Round "6"]
[White "Yevchenko, Oleksandr"]
[Black "Murthy, Pappu"]
[Result "1-0"]
[WhiteTitle "CM"]
[WhiteElo "2276"]
[BlackElo "1838"]
[WhiteFideId "14108267"]
[BlackFideId "2013401"]
[EventDate "2025.06.10"]

1. c4 Nf6 2. Nc3 c5 3. Nf3 d5 4. cxd5 Nxd5 5. e3 Nc6 6. Bb5 e6 7. O-O Bd7 8. d4
cxd4 9. exd4 Nxc3 10. bxc3 Bd6 11. Bg5 Qc7 12. Rc1 O-O 13. Re1 a6 14. Ba4 b5 15.
Bc2 Ne7 16. Bxe7 Bxe7 17. Qd3 g6 18. Bb3 Bc6 19. Ne5 Bb7 20. c4 b4 21. d5 Rfd8
22. Qf3 Bf8 23. Ng4 Bg7 24. Rcd1 exd5 25. cxd5 Rd6 26. Ne5 Rad8 27. Nc6 Bxc6 28.
dxc6 Rxd1 29. Bxd1 Rc8 30. Bb3 a5 31. Bd5 h5 32. g3 a4 33. Qe4 Kh7 34. Qxb4 Ra8
35. Qb7 Qxb7 36. cxb7 Rb8 37. Rc1 Be5 38. Re1 1-0

[Event "Titled Tue 10th Jun Early"]
[Site "chess.com INT"]
[Date "2025.06.10"]
[Round "6"]
[White "Iskusnyh, Sergei"]
[Black "Shimanov, Aleksandr"]
[Result "1-0"]
[WhiteTitle "GM"]
[BlackTitle "GM"]
[WhiteElo "2440"]
[BlackElo "2578"]
[WhiteFideId "4120027"]
[BlackFideId "4198603"]
[EventDate "2025.06.10"]

1. d4 d5 2. c4 dxc4 3. e3 Be6 4. Nf3 Nf6 5. Nc3 c5 6. Be2 Nc6 7. O-O cxd4 8.
Nxd4 Nxd4 9. exd4 Qd7 10. Bg5 Rc8 11. Bxf6 exf6 12. d5 Bf5 13. Re1 Be7 14. d6
Bxd6 15. Bg4+ Be5 16. Bxf5 Qxf5 17. Qa4+ Kf8 18. Qb4+ Kg8 19. Qxb7 Rd8 20. Rad1
Qc8 21. Rxd8+ Qxd8 22. Qxa7 g6 23. Qc5 Kg7 24. Qxc4 Qd2 25. Qe2 Rd8 26. g3 Bxc3
27. bxc3 Qxc3 28. a4 Rd2 29. Qe3 Qb4 30. Rc1 Ra2 31. h4 h5 32. Rc6 Qxa4 33. Qc3
Ra1+ 34. Kh2 Qa8 35. Qxf6+ Kg8 36. Qc3 Kh7 37. Qf3 Qe8 38. Rf6 1-0

[Event "Titled Tue 10th Jun Early"]
[Site "chess.com INT"]
[Date "2025.06.10"]
[Round "6"]
[White "Durarbayli, Vasif"]
[Black "Germanovs, Georgijs"]
[Result "1-0"]
[WhiteTitle "GM"]
[BlackTitle "CM"]
[WhiteElo "2612"]
[BlackElo "2260"]
[WhiteFideId "13402935"]
[BlackFideId "11609710"]
[EventDate "2025.06.10"]

1. e4 e5 2. Nf3 Nc6 3. d4 exd4 4. Nxd4 Bc5 5. Nb3 Bb6 6. Qe2 Nge7 7. Nc3 O-O 8.
Be3 d5 9. O-O-O d4 10. Nb5 dxe3 11. Rxd8 Rxd8 12. fxe3 Ne5 13. Nc3 Bg4 14. Qf2
Rd6 15. h3 Be6 16. Be2 Rad8 17. Rd1 Rxd1+ 18. Nxd1 c5 19. Nc3 f6 20. g4 h6 21.
Qg1 a6 22. h4 Ba7 23. g5 hxg5 24. hxg5 Kf7 25. gxf6 gxf6 26. Bh5+ N7g6 27. Nd5
Bxd5 28. exd5 c4 29. Nd4 Rxd5 30. Qh1 Rd7 31. Be2 Bxd4 32. exd4 Rxd4 33. Qxb7+
Ke6 34. Qxa6+ Kf5 35. a4 Nf4 36. Bd1 Nd5 37. Qc8+ Kf4 38. a5 Ne3 39. Be2 f5 40.
a6 Kg3 41. Qc5 Re4 42. a7 Kf2 43. Bh5 1-0

[Event "Titled Tue 10th Jun Early"]
[Site "chess.com INT"]
[Date "2025.06.10"]
[Round "6"]
[White "Cuevas Araya, Walter"]
[Black "Gavarrete, Nahun"]
[Result "1-0"]
[WhiteTitle "FM"]
[BlackTitle "FM"]
[WhiteElo "2052"]
[BlackElo "2281"]
[WhiteFideId "3405028"]
[BlackFideId "8400709"]
[EventDate "2025.06.10"]

1. e4 e5 2. Nf3 Nc6 3. d4 exd4 4. Bc4 Nf6 5. O-O Be7 6. c3 Nxe4 7. cxd4 d5 8.
Bb5 O-O 9. Nc3 Nxc3 10. bxc3 Be6 11. Re1 Qd6 12. Bg5 Bxg5 13. Nxg5 h6 14. Nf3 a6
15. Bxc6 bxc6 16. Ne5 Rfe8 17. Qf3 Re7 18. Nd3 Rae8 19. Nc5 a5 20. h3 Bd7 21.
Rxe7 Rxe7 22. Rb1 Qf6 23. Rb8+ Kh7 24. Qxf6 gxf6 25. Ra8 Bf5 26. Rxa5 Re1+ 27.
Kh2 Rc1 28. Ra3 Bb1 29. Na6 Rc2 30. Kg3 Rxa2 31. Rxa2 Bxa2 32. Nxc7 Bc4 33. Kf4
Kg6 34. h4 Bd3 35. Ne8 Be4 36. f3 Bd3 37. g4 Bb5 38. h5+ Kh7 39. Nxf6+ Kg7 40.
Nd7 Bd3 41. Ne5 Bb5 42. Kg3 f6 43. Nd7 Kf7 44. Nc5 Ke7 45. Kf4 Bc4 46. Kf5 Kf7
47. Nb7 Bd3+ 48. Kf4 Ke6 49. Nd8+ Kd7 50. Nf7 Ke6 51. Nxh6 Ke7 52. Nf5+ Kf7 53.
Ne3 Bh7 54. g5 fxg5+ 55. Kxg5 Bd3 56. f4 Kg7 57. f5 Kf7 58. f6 Bh7 59. Nf5 Kf8
60. Nd6 Bb1 61. h6 Kg8 62. f7+ Kf8 63. Kf6 c5 64. dxc5 d4 65. cxd4 Bf5 66. c6
Bc8 67. c7 Bd7 68. h7 Bc8 69. h8=Q# 1-0

[Event "Titled Tue 10th Jun Early"]
[Site "chess.com INT"]
[Date "2025.06.10"]
[Round "6"]
[White "Galperin, Platon"]
[Black "Sadubayev, Airat"]
[Result "1-0"]
[WhiteTitle "GM"]
[BlackTitle "FM"]
[WhiteElo "2500"]
[BlackElo "2211"]
[WhiteFideId "14165414"]
[BlackFideId "13713264"]
[EventDate "2025.06.10"]

1. c4 e6 2. Nf3 d5 3. g3 Nf6 4. Bg2 Be7 5. O-O O-O 6. d3 b6 7. cxd5 Nxd5 8. e4
Nf6 9. Nc3 Bb7 10. Re1 c5 11. d4 Nc6 12. d5 exd5 13. e5 Ne8 14. Nxd5 Nc7 15.
Nxe7+ Qxe7 16. Nh4 Qe6 17. Qh5 Rab8 18. Nf5 Nd4 19. Nxd4 cxd4 20. Bxb7 Rxb7 21.
Bd2 Qd5 22. b3 Ne6 23. Rac1 Rd7 24. Bb4 Re8 25. Qg4 d3 26. Rcd1 Nd4 27. Re3 Nc6
28. Rexd3 Qxd3 29. Rxd3 Rxd3 30. Bd6 h6 31. Qd7 Rxe5 32. Qxc6 Re6 33. Qc8+ Kh7
34. Bf4 1-0

[Event "Titled Tue 10th Jun Early"]
[Site "chess.com INT"]
[Date "2025.06.10"]
[Round "6"]
[White "Nguyen, Ngoc Truong Son"]
[Black "Sathvik Adiga"]
[Result "1-0"]
[WhiteTitle "GM"]
[BlackTitle "IM"]
[WhiteElo "2600"]
[BlackElo "2341"]
[WhiteFideId "12401110"]
[BlackFideId "25745700"]
[EventDate "2025.06.10"]

1. e4 e5 2. Nf3 Nc6 3. Nc3 Nf6 4. d4 exd4 5. Nxd4 Bb4 6. Nxc6 bxc6 7. Bd3 O-O 8.
O-O d5 9. exd5 cxd5 10. h3 c6 11. Qf3 h6 12. Bf4 Bd6 13. Ne2 Rb8 14. b3 c5 15.
Rad1 Be6 16. Rfe1 Re8 17. Bxd6 Qxd6 18. Nf4 Re7 19. Bc4 Rd8 20. Bxd5 Nxd5 21.
Nxd5 Bxd5 22. Rxe7 Qxe7 23. Rxd5 Qe1+ 24. Kh2 Rxd5 25. Qxd5 Qxf2 26. Qd3 g6 27.
a4 Qf4+ 28. Kg1 Qc1+ 29. Kf2 Qf4+ 30. Ke2 Qe5+ 31. Kd1 Qg5 32. Qd2 Qe5 33. c3
Qe4 34. Kc1 h5 35. Kb2 Kg7 36. b4 cxb4 37. cxb4 Kh7 38. Ka3 Qe5 39. b5 Qc5+ 40.
Kb3 g5 41. Qc2+ Qxc2+ 42. Kxc2 Kg6 43. a5 Kf5 44. b6 axb6 45. axb6 Kf4 46. b7
Kg3 47. b8=Q+ Kxg2 48. Qe5 g4 49. h4 Kh3 50. Qxh5 g3 51. Qg5 g2 52. h5 f6 53.
Qg6 Kh2 54. h6 g1=Q 55. Qxg1+ Kxg1 56. h7 f5 57. h8=Q f4 58. Qd4+ Kh1 59. Qxf4
Kg2 60. Kd3 Kh3 61. Ke2 Kg2 62. Qg4+ Kh1 63. Kf2 Kh2 64. Qg2# 1-0

[Event "Titled Tue 10th Jun Early"]
[Site "chess.com INT"]
[Date "2025.06.10"]
[Round "6"]
[White "Sjoberg, Isak"]
[Black "Navoyan, Gagik"]
[Result "0-1"]
[WhiteTitle "FM"]
[BlackTitle "CM"]
[WhiteElo "2314"]
[BlackElo "2186"]
[WhiteFideId "1521640"]
[BlackFideId "13314866"]
[EventDate "2025.06.10"]

1. e4 e5 2. Nf3 Nc6 3. d4 exd4 4. Nxd4 Nf6 5. Nxc6 bxc6 6. Bd3 d5 7. e5 Ng4 8.
O-O Be7 9. Bf4 g5 10. Bg3 h5 11. h3 h4 12. Bh2 Nxh2 13. Kxh2 Be6 14. Nd2 Qd7 15.
f4 gxf4 16. Rxf4 c5 17. c4 c6 18. Nf3 Qc7 19. Qe1 O-O-O 20. cxd5 cxd5 21. Rc1
Kb8 22. Bf5 Rh5 23. Bxe6 fxe6 24. Rf7 Rf8 25. Rxf8+ Bxf8 26. Qe2 c4 27. Rf1 Bg7
28. Kh1 Rf5 29. Nd4 Rxe5 30. Qg4 Qd7 31. Qxh4 Kb7 32. Qg3 Re4 33. Nf3 Bxb2 34.
Ng5 Be5 35. Nxe4 Bxg3 36. Nc5+ Kc6 37. Nxd7 Kxd7 38. Rf3 Be5 39. Kg1 c3 40. Rf2
Bd4 0-1

[Event "Titled Tue 10th Jun Early"]
[Site "chess.com INT"]
[Date "2025.06.10"]
[Round "6"]
[White "Bukreev, Stanislav"]
[Black "Carlsson, Ludvig"]
[Result "0-1"]
[WhiteTitle "FM"]
[BlackTitle "IM"]
[WhiteElo "2305"]
[BlackElo "2379"]
[WhiteFideId "34252347"]
[BlackFideId "1727010"]
[EventDate "2025.06.10"]

1. d4 Nf6 2. c4 e6 3. Nf3 c5 4. d5 d6 5. Nc3 exd5 6. cxd5 g6 7. e4 a6 8. a4 Bg4
9. h3 Bxf3 10. Qxf3 Nbd7 11. Bf4 Qe7 12. Qe3 Bg7 13. Bh2 O-O 14. Bd3 b5 15. O-O
c4 16. Bc2 b4 17. Ne2 Rfe8 18. Ng3 b3 19. Bb1 Nc5 20. Re1 Nxd5 21. Qd2 Nb6 22.
a5 Nba4 23. e5 dxe5 24. Ne4 Rad8 25. Qb4 Nxe4 26. Qxa4 Nd2 27. Be4 Qc5 28. Bc6
Re6 29. Bb7 e4 30. Rad1 Bxb2 31. Bxe4 Rxe4 32. Rxe4 Nxe4 33. Rxd8+ Kg7 34. Qe8
Qxf2+ 35. Kh1 Qe1+ 36. Bg1 Ng3+ 37. Kh2 Nf1+ 38. Kh1 Ng3+ 39. Kh2 Qxe8 40. Rxe8
Nf1+ 41. Kh1 Bf6 42. Re1 Nd2 43. Be3 Ne4 44. Bf4 Nf2+ 45. Kg1 Nd3 46. Rf1 Nxf4
47. Rxf4 b2 48. Rf1 Bd4+ 0-1

[Event "Titled Tue 10th Jun Early"]
[Site "chess.com INT"]
[Date "2025.06.10"]
[Round "6"]
[White "Matinian, Nikita"]
[Black "Bortnyk, Olexandr"]
[Result "1-0"]
[WhiteTitle "GM"]
[BlackTitle "GM"]
[WhiteElo "2421"]
[BlackElo "2601"]
[WhiteFideId "24129100"]
[BlackFideId "14120828"]
[EventDate "2025.06.10"]

1. e4 Nf6 2. e5 Nd5 3. d4 d6 4. Nf3 dxe5 5. Nxe5 c6 6. c4 Nb4 7. Be3 Bf5 8. Na3
Nd7 9. Nxd7 Qxd7 10. Qd2 e6 11. Be2 a5 12. O-O Bd6 13. Bf4 O-O 14. Bxd6 Qxd6 15.
c5 Qc7 16. Nc4 Rfd8 17. Nd6 b6 18. a3 Nd5 19. b4 h6 20. Bf3 Bg6 21. h3 Ne7 22.
Rfc1 b5 23. a4 bxa4 24. b5 cxb5 25. Nxb5 Qb8 26. Bxa8 Qxb5 27. Bf3 Nf5 28. c6
Nxd4 29. Qe3 Nc2 30. Rxc2 Bxc2 31. c7 Rc8 32. Rc1 Rxc7 33. Qd2 Qb2 34. Be4 Qf6
35. Rxc2 Rxc2 36. Qxc2 Qa1+ 37. Qb1 Qxb1+ 38. Bxb1 1-0

[Event "Titled Tue 10th Jun Early"]
[Site "chess.com INT"]
[Date "2025.06.10"]
[Round "6"]
[White "Alonso Rosell, Alvar"]
[Black "Movahed, Sina"]
[Result "1-0"]
[WhiteTitle "GM"]
[BlackTitle "GM"]
[WhiteElo "2536"]
[BlackElo "2544"]
[WhiteFideId "2270544"]
[BlackFideId "42520835"]
[EventDate "2025.06.10"]

1. d4 Nf6 2. c4 g6 3. Nf3 Bg7 4. g3 O-O 5. Bg2 d6 6. Nc3 Nbd7 7. O-O e5 8. Qc2
exd4 9. Nxd4 Nb6 10. Rd1 Nxc4 11. Ncb5 a6 12. Qxc4 axb5 13. Nxb5 Ne8 14. Qb4 Qe7
15. Be3 Ra6 16. a4 Be5 17. Rac1 Bg7 18. Na7 Rxa7 19. Bxa7 c6 20. Be3 Be5 21. a5
Nc7 22. Bf4 Na6 23. Qd2 Bxf4 24. gxf4 d5 25. Rc3 Bf5 26. Re3 Qh4 27. Rc3 Re8 28.
Rdc1 Qd8 29. Rb3 Re7 30. Rb6 Rd7 31. b4 h5 32. b5 cxb5 33. Rxb5 d4 34. Rxb7 Rd6
35. Ra7 Re6 36. Ra8 Nb8 37. Qb4 Re8 38. a6 d3 39. exd3 Qd7 40. Rxb8 1-0

[Event "Titled Tue 10th Jun Early"]
[Site "chess.com INT"]
[Date "2025.06.10"]
[Round "6"]
[White "Novosel, Lovro"]
[Black "Askarov, Bakhtiyar"]
[Result "1-0"]
[WhiteTitle "FM"]
[BlackTitle "IM"]
[WhiteElo "2338"]
[BlackElo "2297"]
[WhiteFideId "14547120"]
[BlackFideId "13701100"]
[EventDate "2025.06.10"]

1. d4 Nf6 2. c4 g6 3. Nf3 Bg7 4. g3 O-O 5. Bg2 d6 6. O-O Nbd7 7. Nc3 e5 8. e4
exd4 9. Nxd4 Re8 10. h3 Nc5 11. Re1 Bd7 12. b3 a5 13. Bb2 a4 14. b4 a3 15. Bc1
Na4 16. Bd2 Nb2 17. Qb3 Nxe4 18. Nxe4 Bxd4 19. Bg5 f6 20. Bh6 Ba4 21. Qf3 Nxc4
22. Rac1 Nb2 23. Qxa3 Bd1 24. Rcxd1 Rxa3 25. Rxd4 Ra8 26. Rd2 Nc4 27. Rde2 Re6
28. Nxf6+ Rxf6 29. Bd5+ Kh8 30. Bxc4 d5 31. Re7 dxc4 32. Bg7+ Kg8 33. Bxf6 Qf8
34. Bc3 Qf5 35. Rg7+ Kf8 36. Rxh7 Rc8 37. Ree7 Qf3 38. Be5 c3 39. Reg7 Qd1+ 40.
Kh2 1-0

[Event "Titled Tue 10th Jun Early"]
[Site "chess.com INT"]
[Date "2025.06.10"]
[Round "6"]
[White "Garcia, Erick"]
[Black "Kravtsiv, Martyn"]
[Result "1-0"]
[BlackTitle "GM"]
[WhiteElo "2135"]
[BlackElo "2598"]
[WhiteFideId "2058880"]
[BlackFideId "14113147"]
[EventDate "2025.06.10"]

1. d4 d5 2. c4 e6 3. g3 Nf6 4. Bg2 Be7 5. Nf3 O-O 6. O-O c6 7. Nc3 a5 8. b3 b6
9. Re1 Ba6 10. Ne5 Nfd7 11. cxd5 cxd5 12. Nxd7 Nxd7 13. Bb2 Rc8 14. e4 Bb4 15.
Rc1 dxe4 16. Bxe4 Nf6 17. Bf3 Qd6 18. Be2 Bb7 19. Bf3 Bxf3 20. Qxf3 Qxd4 21.
Red1 Qg4 22. Qxg4 Nxg4 23. Na4 Rxc1 24. Rxc1 b5 25. Nb6 Rd8 26. h3 Nf6 27. Bxf6
gxf6 28. a4 bxa4 29. bxa4 Rd2 30. Rc4 f5 31. g4 fxg4 32. hxg4 Kg7 33. Rc7 Rb2
34. Nd7 Re2 35. Rb7 Kg6 36. Kf1 Re1+ 37. Kg2 h5 38. gxh5+ Kxh5 39. Nb6 Kg6 40.
Nd7 f6 41. Rb5 e5 42. Rb6 Be7 43. Ra6 Rd1 44. Nb8 Bb4 45. Nc6 Be1 46. Nxe5+ Kf5
47. Nf3 Bb4 48. Rb6 Ra1 49. Rb5+ Kg6 50. Nd4 Rxa4 51. Nc6 Bc3 52. Rb3 Be5 53.
Rb6 Rg4+ 54. Kf3 Rf4+ 55. Ke3 Kf5 56. Ra6 a4 57. Ne7+ 1-0

[Event "Titled Tue 10th Jun Early"]
[Site "chess.com INT"]
[Date "2025.06.10"]
[Round "6"]
[White "Zaksaite, Salomeja"]
[Black "Kozlov, Oleg"]
[Result "1-0"]
[WhiteTitle "WGM"]
[BlackTitle "IM"]
[WhiteElo "2133"]
[BlackElo "2253"]
[WhiteFideId "12801496"]
[BlackFideId "4104544"]
[EventDate "2025.06.10"]

1. e4 c5 2. Nf3 e6 3. d4 cxd4 4. Nxd4 a6 5. Nc3 b5 6. Bd3 Qb6 7. Nb3 Qc7 8. Qe2
Bb7 9. Bd2 Nc6 10. O-O Be7 11. f4 d6 12. a4 b4 13. Na2 Nf6 14. Kh1 d5 15. e5 Ne4
16. c3 bxc3 17. Nxc3 Nxd2 18. Nxd2 Nb4 19. Nf3 Nxd3 20. Qxd3 g6 21. a5 O-O 22.
Nd4 Bb4 23. Nd1 Bxa5 24. Ne3 Bb6 25. Ng4 Qc4 26. Nf6+ Kg7 27. Qh3 Rh8 28. Nxe6+
fxe6 29. Qxe6 Qc7 30. Rac1 Bc5 31. b4 Qc8 32. Nd7 Qc6 33. Nxc5 Qxe6 34. Nxe6+
Kh6 35. Rc7 Bc8 36. Ng5 Bf5 37. Nf7+ Kh5 38. Nxh8 Rxh8 39. h3 Be4 40. Kh2 Rb8
41. g4+ Kh6 42. g5+ Kh5 43. Rxh7# 1-0

[Event "Titled Tue 10th Jun Early"]
[Site "chess.com INT"]
[Date "2025.06.10"]
[Round "6"]
[White "Ternault, Mathieu"]
[Black "Sturt, Raven"]
[Result "1-0"]
[WhiteTitle "FM"]
[BlackTitle "GM"]
[WhiteElo "2275"]
[BlackElo "2459"]
[WhiteFideId "20641532"]
[BlackFideId "2007304"]
[EventDate "2025.06.10"]

1. d4 Nf6 2. c4 e6 3. Nc3 Bb4 4. Qc2 O-O 5. a3 Bxc3+ 6. Qxc3 Ne4 7. Qc2 d5 8.
Nf3 b6 9. Bf4 Ba6 10. e3 c5 11. dxc5 bxc5 12. cxd5 Qa5+ 13. b4 cxb4 14. Qxe4
bxa3+ 15. Nd2 Bxf1 16. Rxf1 Rd8 17. d6 Na6 18. Ke2 Nc5 19. Qc4 Nb7 20. Rfc1 e5
21. Nb3 Qb6 22. Bxe5 Nxd6 23. Bxd6 Qxd6 24. Rd1 Qxh2 25. Rxd8+ Rxd8 26. Rxa3
Qh5+ 27. g4 Qh1 28. Nd4 Qe4 29. f3 Qb7 30. Rb3 Qd7 31. Rd3 Qb7 32. Nb5 Rf8 33.
Nd6 Qb8 34. f4 a5 35. g5 Qa8 36. Qd5 Qa6 37. f5 a4 38. g6 a3 39. Nxf7 hxg6 40.
Ng5+ Kh8 41. Qh1+ Kg8 42. Qh7# 1-0

[Event "Titled Tue 10th Jun Early"]
[Site "chess.com INT"]
[Date "2025.06.10"]
[Round "6"]
[White "Carrasco Miranda, Andres"]
[Black "Mikhailova, Irina"]
[Result "0-1"]
[WhiteTitle "CM"]
[BlackTitle "WGM"]
[WhiteElo "2211"]
[BlackElo "2143"]
[WhiteFideId "3405990"]
[BlackFideId "4109040"]
[EventDate "2025.06.10"]

1. Nf3 Nf6 2. c4 g6 3. g3 Bg7 4. Bg2 O-O 5. Nc3 c6 6. e4 d5 7. cxd5 cxd5 8. e5
Ne4 9. d4 Nc6 10. O-O Bg4 11. h3 Bxf3 12. Bxf3 Nxc3 13. bxc3 e6 14. Rb1 b6 15.
h4 Rc8 16. Bg5 Qd7 17. h5 Rfe8 18. Qd2 Na5 19. Bf6 Nc4 20. Qf4 Bxf6 21. exf6 Qd6
22. Qg5 Qf8 23. hxg6 fxg6 24. Rfe1 Qf7 25. Bg4 Nd6 26. Re3 Ne4 27. Rxe4 dxe4 28.
d5 exd5 29. Bxc8 Rxc8 30. Rd1 Rf8 31. Rxd5 Qxf6 32. Qxf6 Rxf6 33. Re5 Rc6 34.
Rxe4 Rxc3 35. Ra4 Rc7 36. Kg2 Kg7 37. Rf4 Rf7 38. Re4 Rb7 39. f4 b5 40. Re6 a5
41. Ra6 a4 42. g4 Rd7 43. Rb6 Rd2+ 44. Kg3 Rb2 45. a3 Rb3+ 46. Kh4 Rxa3 47. Rxb5
Ra1 48. Rb7+ Kf6 49. Rxh7 Rh1+ 50. Kg3 Rxh7 0-1

[Event "Titled Tue 10th Jun Early"]
[Site "chess.com INT"]
[Date "2025.06.10"]
[Round "6"]
[White "Golubovskis, Maksims"]
[Black "Toroptseva, Yevheniia"]
[Result "0-1"]
[WhiteTitle "FM"]
[BlackTitle "WFM"]
[WhiteElo "2228"]
[BlackElo "2104"]
[WhiteFideId "11608528"]
[BlackFideId "34109374"]
[EventDate "2025.06.10"]

1. d4 d5 2. Nf3 Nf6 3. g3 e6 4. Bg2 Be7 5. O-O O-O 6. c4 c5 7. Nc3 Nc6 8. cxd5
exd5 9. Be3 b6 10. Rc1 c4 11. Ne5 Bb7 12. Bf4 a6 13. e4 dxe4 14. Nxe4 Nd5 15.
Rxc4 Na5 16. Rc1 Nxf4 17. gxf4 f6 18. Nc4 Nxc4 19. Rxc4 Bd5 20. Rc3 Bxa2 21. Qd3
Bd5 22. Rfc1 b5 23. Rc7 Bc4 24. R7xc4 bxc4 25. Qxc4+ Kh8 26. Nc5 Rc8 27. Qxa6
Bxc5 28. dxc5 Qd2 29. Qa1 Qxf4 30. b3 Qb4 31. Qc3 Rb8 32. Bd5 Qg4+ 33. Kf1 Qf4
34. Kg1 Qg5+ 35. Kh1 Qxd5+ 36. Kg1 Rxb3 37. Qc2 Qg5+ 38. Kh1 Rh3 39. c6 Qd5+ 40.
Kg1 Rh5 41. c7 Rg5+ 42. Kf1 Qh1+ 43. Ke2 Re8+ 0-1

[Event "Titled Tue 10th Jun Early"]
[Site "chess.com INT"]
[Date "2025.06.10"]
[Round "6"]
[White "Oro, Faustino"]
[Black "Xiong, Jeffery"]
[Result "0-1"]
[WhiteTitle "IM"]
[BlackTitle "GM"]
[WhiteElo "2465"]
[BlackElo "2639"]
[WhiteFideId "20000197"]
[BlackFideId "2047640"]
[EventDate "2025.06.10"]

1. e4 c5 2. Nf3 Nc6 3. Bb5 d6 4. O-O Bd7 5. Re1 Nf6 6. c3 a6 7. Bf1 Bg4 8. h3
Bxf3 9. Qxf3 e6 10. d3 Be7 11. Nd2 O-O 12. Qd1 d5 13. Qc2 b5 14. Nf3 d4 15. Bf4
Rc8 16. Rad1 Qa5 17. Bd2 dxc3 18. Bxc3 Qb6 19. Qb1 Rfd8 20. Rc1 Nd7 21. Rcd1 Qb8
22. Qc1 Nd4 23. Bxd4 cxd4 24. Qd2 Nc5 25. Rc1 Na4 26. g3 Qd6 27. a3 Nc5 28. Qd1
Rc7 29. Re2 Rdc8 30. Rec2 Na4 31. Rxc7 Rxc7 32. Rxc7 Qxc7 33. Qd2 Qc5 34. Be2 b4
35. axb4 Qxb4 36. Qxb4 Bxb4 37. Nxd4 Nxb2 38. Nc6 a5 39. d4 Bc3 40. d5 exd5 41.
exd5 a4 42. d6 a3 43. d7 Bf6 44. Nb4 Kf8 45. Bb5 Ke7 46. Kg2 Kd6 47. Na2 Kc5 48.
Ba6 Nc4 49. Kf1 Nb6 50. Bc8 Kd6 51. Ke2 Nxd7 52. Kd3 Nc5+ 53. Ke3 g6 54. Ke2 h5
55. g4 Kc7 56. gxh5 Kxc8 57. hxg6 fxg6 58. Kf3 Kd7 59. Ke3 Ke6 0-1

[Event "Titled Tue 10th Jun Early"]
[Site "chess.com INT"]
[Date "2025.06.10"]
[Round "6"]
[White "Arabidze, Meri"]
[Black "Aravindh, Chithambaram VR."]
[Result "1-0"]
[WhiteTitle "IM"]
[BlackTitle "GM"]
[WhiteElo "2440"]
[BlackElo "2749"]
[WhiteFideId "13604040"]
[BlackFideId "5072786"]
[EventDate "2025.06.10"]

1. d4 g6 2. c4 b6 3. Nf3 Bb7 4. g3 Bxf3 5. exf3 Bh6 6. d5 Bxc1 7. Qxc1 Nf6 8.
Bg2 O-O 9. O-O c6 10. dxc6 Nxc6 11. Nc3 Rc8 12. Rd1 d6 13. b3 Kg7 14. f4 Nb8 15.
Qb2 Nbd7 16. Nd5 e6 17. Nc3 Nc5 18. Nb5 Qe7 19. Nxd6 Rcd8 20. Nb5 a6 21. Nd4 Rd6
22. Nc6 Qd7 23. Rxd6 Qxd6 24. Bf3 h5 25. Rd1 Qc7 26. Qe5 Qc8 27. h3 Nd7 28. Qd6
Nc5 29. Qe5 Nd7 30. Qb2 Qc7 31. Kg2 Re8 32. Ne5 Nc5 33. Nc6 Nd7 34. Ne5 Kg8 35.
Qd4 Nxe5 36. fxe5 Nh7 37. Qd6 Qa7 38. Qd7 Qb8 39. Qd6 Qc8 40. h4 Nf8 41. Bc6 Kg7
42. Bxe8 Qxe8 43. Qxb6 Qa8+ 44. Kg1 g5 45. Qe3 Nh7 46. hxg5 Qc6 47. Rd4 Nf8 48.
Rh4 Qd7 49. Rd4 Qe7 50. Qf4 Qb4 51. Qf6+ Kg8 52. Rd8 h4 53. g6 Qe1+ 54. Kg2 Qe4+
55. Kh2 hxg3+ 56. Kxg3 Qxg6+ 57. Qxg6+ fxg6 58. Ra8 Kf7 59. Rxa6 g5 60. Ra7+ Kg6
61. a4 Kf5 62. a5 Kxe5 63. a6 Ng6 64. Rb7 Nh4 65. a7 Nf5+ 66. Kh2 g4 67. a8=Q
Kf4 68. Qb8+ Kf3 69. Rf7 Ke2 70. Rxf5 1-0

[Event "Titled Tue 10th Jun Early"]
[Site "chess.com INT"]
[Date "2025.06.10"]
[Round "6"]
[White "Fomevor, Cephas Clinton"]
[Black "Buchenau, Frank"]
[Result "0-1"]
[WhiteTitle "CM"]
[BlackTitle "FM"]
[WhiteElo "1883"]
[BlackElo "2205"]
[WhiteFideId "12601330"]
[BlackFideId "4604350"]
[EventDate "2025.06.10"]

1. d4 e6 2. c4 Nf6 3. Nf3 b6 4. a3 Ba6 5. e3 d5 6. Nbd2 Be7 7. cxd5 Bxf1 8. Nxf1
exd5 9. Ng3 g6 10. O-O O-O 11. b4 a5 12. Bd2 axb4 13. Bxb4 Nbd7 14. Bxe7 Qxe7
15. Qb3 c5 16. dxc5 bxc5 17. Rfd1 Ne5 18. Qc3 Nxf3+ 19. gxf3 Ra4 20. Rdc1 c4 21.
Ne2 Rfa8 22. Nd4 Rxa3 23. Rxa3 Rxa3 24. Nc6 Qd6 25. Qb4 Qxb4 26. Nxb4 Rb3 27.
Nc6 Rb6 28. Nd4 Nd7 29. Kg2 Nc5 30. Rd1 Rb2 31. h4 Nd3 32. Rf1 c3 33. Rd1 Nxf2
34. Rf1 Ng4+ 35. Kg3 Nxe3 36. Rc1 c2 37. Kf4 Ng2+ 38. Kg3 Nxh4 39. Kxh4 Rb4 40.
Rxc2 Rxd4+ 41. Kg3 Kg7 42. Rc7 h5 43. Rd7 Rd3 44. Rd6 g5 45. Rd7 g4 46. Rd6
Rxf3+ 47. Kh4 Rd3 0-1